00982npc a2200205Ia 4500001001200000003001000012005001700022008004100039040002500080041000700105100002900112245014700141260007500288300001100363500006300374520012400437650001300561654000900574700019300583dg67-31714 IT-MiCISF20250218121639.0161014s9999||||xx | und|| aIT-MiCISFcIT-MiCISF ait aTessarin Emilio (et al.) 0aIl volontariato e le istituzioni promuovono la centralità€ della famiglia nelle politiche sociali.bAtti del Convegno, Treviso 15 maggio 1999 a Consulta provinciale del volontariato, bProvincia di Treviso, c2000 app. 55 a / famiglia, società€, volontariato, politiche-sociali /  aAtti del Convegno in occasione della Giornata Internazionale della Famiglia, promossa dall'ONU, Treviso, 15 maggio 1999 afamiglia aatti aBusnello G., Zaia L., Mescola A., Speranzon P., Castagnaro A., Feletto M., Marin G.,aDe Biasi C., Zorzi T., Michielin B., Alecci E., Bernardi U., Filippi V., Scortegagna R., Fabrizio C.